书目信息 |
| 题名: |
以色列
|
|
| 作者: | 杨曼苏 主编 | |
| 分册: | ||
| 出版信息: | 北京 世界知识出版社 1992.05 |
|
| 页数: | 275页 | |
| 开本: | 32开 | |
| 丛书名: | ||
| 单 册: | ||
| 中图分类: | K382.0 | |
| 科图分类: | ||
| 主题词: | 亚洲--历史 | |
| 电子资源: | ||
| ISBN: | 7-5012-0467-5 | |
| 000 | 00640nam0 2200217 45 | |
| 001 | 0106111604 | |
| 005 | 20031219104050.5 | |
| 010 | @a7-5012-0467-5@dCNY10.50 | |
| 100 | @a20010611d1992 km y0chiy0120 ea | |
| 101 | 0 | @achi |
| 105 | @a z 000yy | |
| 200 | 1 | @a以色列@AYi Se Lie@e谜一样的国家@EMi Yi Yang De Guo Jia@f杨曼苏主编@FYang Man Su Zhu Bian |
| 210 | @a北京@c世界知识出版社@d1992.05 | |
| 215 | @a275页@d32开 | |
| 517 | @a谜一样的国家@AMi Yi Yang De Guo Jia | |
| 606 | 0 | @a亚洲@x历史 |
| 607 | @a以色列@x历史 | |
| 690 | @aK382.0@v4 | |
| 701 | @a杨曼苏@4主编 | |
| 801 | @aCN@bTSTC@c20010611 | |
| 905 | @f2@b298361-362@dK382.0@e14 | |
| 以色列:谜一样的国家/杨曼苏主编.-北京:世界知识出版社,1992.05 |
| 275页;32开 |
| ISBN 7-5012-0467-5:CNY10.50 |
| ● |
| 相关链接 |
|
|
|
|
正题名:以色列
索取号:K382.0/14
 
预约/预借
| 序号 | 登录号 | 条形码 | 馆藏地/架位号 | 状态 | 备注 |
| 1 | 0298361 | 202983619 | 第二借阅区/ [索取号:K382.0/14] | 在馆 | |
| 2 | 0298362 | 202983628 | 第二样本阅览室/ [索取号:K382.0/14] | 在馆 |